Statistics for Presidents of Lebanon

Click here to take the quiz!

General Stats

  • This quiz has been taken 30 times
  • The average score is 11 of 23

Answer Stats

HintAnswer% Correct
2016 - 2022Michel Aoun
93%
1988 - 1990 (acting president)Michel Aoun
93%
1982 (assassinated)Bachir El Gemayel
87%
1943 - 1952Bechara El Khoury
80%
1952 - 1958Camille Chamoun
73%
1982 - 1988Amine El Gemayel
67%
2008 - 2014Michel Suleiman
53%
1926 - 1934Charles Debbas
47%
1936 - 1941Emile Eddé
47%
1958 - 1964Fouad Chehab
47%
1976 - 1982Elias Sarkis
40%
1998 - 2007Emile Lahoud
40%
1943 (interim)Petro Trad
40%
1970 - 1976Suleiman Frangieh
40%
1989 - 1998Elias El Hrawi
33%
1934 - 1936Habib Basha El Saad
33%
1964 - 1970Charles El Helou
27%
1941 - 1943Alfred Naccache
20%
1989 (assassinated)Renée Mouawad
20%
2007 - 2008Vacant
20%
2014 - 2016Vacant
20%
2022 - presentVacant
20%
1943 (acting president)Ayoub Tabet
13%

Score Distribution

Percentile by Number Answered

Percent of People with Each Score

Your Score History

You have not taken this quiz